Elektrochemické a spektroskopické vlastnosti biologicky účinných komplexov medi s derivátmi tiosemikarbazidov v rozpúšťadlách s rôznou polaritou

Guardado en:
Detalles Bibliográficos
Autor principal: Krajčíková, Gabriela (Autor)
Otros Autores: Rapta, Peter (Orientador)
Formato: Manuscrito Libro
Lenguaje:eslovaco
Publicado: 2018
Materias:
Acceso en línea:http://is.stuba.sk/zp/portal_zp.pl?podrobnosti=136312
Etiquetas: Agregar Etiqueta
Sin Etiquetas, Sea el primero en etiquetar este registro!

MARC

LEADER 00000ntm a22000003a 4500
001 stuzp69895
003 SK-STU
005 20180602211442.8
007 ta
008 150427s2015----xo-----f-mn---000-0-slo-d
040 |a STU  |b slo 
041 0 |a slo 
100 1 |a Krajčíková, Gabriela  |u 045210  |4 aut  |U FCHPT Ústav fyzikálnej chémie a chemickej fyziky  |T FCHPT Oddelenie fyzikálnej chémie  |X 65131  |U C5210  |Y 117  |7 65131 
242 0 1 |a Electrochemical and spectroscopic properties of biologically active copper complexes with thiosemicarbazide ligands in solvents with different polarity  |y eng 
245 1 0 |a Elektrochemické a spektroskopické vlastnosti biologicky účinných komplexov medi s derivátmi tiosemikarbazidov v rozpúšťadlách s rôznou polaritou 
260 |c 2018 
650 4 |a meďnaté komplexy  |2 slo 
650 4 |a cyklická voltampérometria  |2 slo 
650 4 |a UV–Vis spektroskopia  |2 slo 
650 4 |a EPR spektroskopia  |2 slo 
650 4 |a UV–Vis spektroelektrochémia  |2 slo 
650 4 |a tiosemikarbazidy  |2 slo 
650 4 |a redoxné vlastnosti  |2 slo 
650 4 |a EPR spektroelektrochémia  |2 slo 
650 4 |a thiosemicarbazides  |2 eng 
650 4 |a UV–Vis spectroscopy  |2 eng 
650 4 |a UV–Vis spectroelectrochemistry  |2 eng 
650 4 |a EPR spectroelectrochemistry  |2 eng 
650 4 |a cyclic voltammetry  |2 eng 
650 4 |a EPR spectroscopy  |2 eng 
650 4 |a copper complexes  |2 eng 
650 4 |a redox properties  |2 eng 
700 1 |a Rapta, Peter  |u 045000  |k Z1  |4 ths  |U FCHPT Fakulta chemickej a potravinárskej technológie  |T FCHPT Ústav fyzikálnej chémie a chemickej fyziky  |X 3878  |U C5000  |Y 103  |7 A000003878 
856 4 |u http://is.stuba.sk/zp/portal_zp.pl?podrobnosti=136312